000 00771nab a2200229 u 4500
001 16650
003 HDC
007 cr bn ---aaaaa
008 210221c20070805xx dr|noo 0 a eng d
040 _aHDC
245 0 _aISNA Canada helping to position Canada in Halal market
260 _a[No place] :
_b[publisher not identified],
_c2007
336 _atext
_2rdacontent
337 _acomputer
_2rdamedia
338 _aonline resource
_2rdacarrier
650 _ahalal certification
_9753
650 _aHalal market
_zCanada
_916375
856 _zRequest full-text at [email protected]
942 _2lcc
942 _cNEWS
942 _kNWSO 005733
999 _c13966
_d13966